000 00754nam a2200253Ia 4500
003 OSt
005 20220925224445.0
006 a|||||r|||| 00| 0
007 ta
008 220923b |||||||| |||| 00| 0 eng d
020 _a0 7100 107 31
037 _cGeneral Book
040 _aRTL
_cRTL
_beng
041 _2eng
_aeng
082 _aY5.73.N5, J4;K6/TD
100 _aBendix Reinhard
_992120
245 0 _aClass status and power
_b Social stratification in comparative prespective
250 _aEd.2
260 _aLondon
_bRoutledge & kegan paul L t d
_c1966
300 _axviii,677p.
_ccm.
700 _a Lipset S M
942 _hY5.73.N5, J4;K6/TD
_cGB
_2CC
999 _c581536
_d581536